Random Geography Trivia #1 - Statistics

General Stats
  • This quiz has been taken 38 times
  • The average score is 6 of 15
Answer Stats
Hint Answer % Correct
What is the capital of Djibouti? Djibouti
85%
What is the 2nd largest Continent? Africa
82%
What Continent is East Timor in? Asia
82%
What country is Petra in? Jordan
82%
What country has the most equator passing through it? Indonesia
55%
What is the Capital of Liechtenstein? Vaduz
52%
Where is the lowest point of land on Earth? The Dead Sea
45%
What is the 5th largest country in Oceania? Fiji
33%
What Country is the 3rd smallest country in Africa? Comoros
30%
What is the capital of Comoros? Moroni
27%
What country has the least amount of equator passing through it? São Tomé and Príncipe
27%
What is the 4th smallest country in the world? Tuvalu
24%
What is the 3rd highest point on Earth? Kangchenjunga
12%
What Gulf do the coordinates (0,0) fall on the map? The Gulf of Guinea
6%
What is the biggest sea in the world? The Philippine Sea
3%
No matching quizzes found
Score Distribution
Percent of People with Each Score
Percentile by Number Answered
Your Score History
You have not taken this quiz